000 01009cam a2200289 a 4500
999 _c10160
_d10160
001 10160
003 BD - JhCC
005 20180920125402.0
008 180417s1962 enkf b 001 0deng
035 _a62-53227
_a(BD - JhCC)10160
040 _aDLC
_cNTN
_dm.c
_dFDA
_dBD - JhCC
041 _aeng
082 _bSTE 1962
_a759.6
099 2 _a*ML V-E-VEL1 - 5 - G2
099 2 _a*ML A.3VS-E-VEL1 - 6G - G2
100 1 _aStevenson, Robert Alan Mowbray,
_d1847-1900.
245 1 0 _aVelazquez /
_cby R.A.M. Stevenson ; with a biographical study of the author by Denys Sutton ; text revised and annotated by Theodore Crombie.
250 _a[New rev. ed.]
260 _aLondon :
_bG. Bell,
_c1962.
300 _ax, 182 p., [24] p. of plates :
_bill. ;
_c23 cm.
500 _aIndex: p. [179]-182.
504 _aIncludes bibliography.
600 1 0 _aVelázquez, Diego,
_d1599-1660.
700 1 _aSutton, Denys.
942 _2ddc
_cBK